| 000 | 00406nam a22001577a 4500 | ||
|---|---|---|---|
| 005 | 20180703153919.0 | ||
| 008 | 160502b xxu||||| |||| 00| 0 eng d | ||
| 041 | _aeng | ||
| 082 |
_b1105 _a658.11 |
||
| 100 |
_aDesai Vasant _9362 |
||
| 245 | _aSmall Scale industries and Entrepreneurship | ||
| 260 |
_aMumbai _bHimalya Publishing House, _c1994 |
||
| 300 | _a609p, | ||
| 650 |
_aManagement _9241 |
||
| 942 | _cBK | ||
| 999 |
_c420 _d420 |
||